| 000 | 00793nam a2200253 i 4500 | ||
|---|---|---|---|
| 001 | 111907 | ||
| 003 | ES-MaACL | ||
| 005 | 20230906185401.0 | ||
| 007 | t| | ||
| 008 | 061121s1982 sp r ||||1| spa d | ||
| 020 | _a84-206-2327-X | ||
| 080 | _a396"19" | ||
| 100 | 1 |
_aNewland, Kathleen. _985484 |
|
| 245 | 1 | 3 |
_aLa mujer en el mundo moderno / _cKathleen Newland ; versión de Javier Luca de Tena. |
| 260 |
_aMadrid : _bAlianza Editorial, _c1982. |
||
| 300 |
_a235 p. : _bgráf. ; _c21 cm. |
||
| 490 | 1 |
_aAlianza universidad ; _v327 |
|
| 504 | _aBibliografía: p. 232-235. | ||
| 650 | 4 |
_aMujeres- _xSituación social- _yS.XX. _9167814 |
|
| 700 | 1 |
_aLuca de Tena, Javier. _974512 |
|
| 830 | 1 |
_aAlianza universidad ; _v327 _9177276 |
|
| 852 | 4 |
_aES-MaACL _jL-3499 |
|
| 999 |
_c111907 _d111907 |
||